Kody lotniskowe #2 - Statystyki

Ogólne statystyki
  • Ten quiz został rozwiązany 4 473 razy
  • Średni wynik to 13 z 32
Statystyki odpowiedzi
Kod Miasto % Poprawnych
WAW Warszawa
90%
MEX Meksyk
89%
ATL Atlanta
86%
PRG Praga
70%
LAS Las Vegas
67%
BOG Bogota
64%
PHX Phoenix
64%
TUN Tunis
64%
BOS Boston
56%
GIB Gibraltar
56%
IST Stambuł
56%
FRA Frankfurt
54%
BCN Barcelona
42%
MEL Melbourne
42%
ZRH Zurych
42%
DXB Dubaj
38%
HAV Hawana
32%
DME Moskwa
27%
SAN San Diego
27%
KUL Kuala Lumpur
26%
HND Tokio
26%
IAD Waszyngton
24%
MXP Mediolan
23%
DFW Dallas
19%
SJO San Jose
16%
ANC Anchorage
14%
GRU Sao Paulo
14%
YUL Montreal
12%
STL St. Louis
10%
MSY Nowy Orlean
9%
PDX Portland
9%
MCO Orlando
7%
Nie znaleziono quizów pasujących do podanych kryteriów
Rozkład punktacji
Procent ludzi z każdym wynikiem
Percentyl według liczby udzielonych odpowiedzi
Twoja historia wyników
Nie rozwiązałeś tego quizu